Gandhi's conscience keeper : (Record no. 28892)
[ view plain ]
| 000 -LEADER | |
|---|---|
| fixed length control field | 02249nam a22003375a 4500 |
| 005 - DATE AND TIME OF LATEST TRANSACTION | |
| control field | 20090803160523.0 |
| 010 ## - LCCN (DPL NO) | |
| LC control number | ENG-94635 B-445669-673 |
| 020 ## - INTERNATIONAL STANDARD BOOK NUMBER | |
| International Standard Book Number | 817824246X |
| Terms of availability | 695.00 |
| 020 ## - INTERNATIONAL STANDARD BOOK NUMBER | |
| International Standard Book Number | 9788178242460 |
| Terms of availability | 695.00 |
| 035 ## - SYSTEM CONTROL NUMBER | |
| System control number | EN-78168 B-445669-673 |
| 037 ## - SOURCE OF ACQUISITION | |
| Stock number | DBAD / VEN |
| 037 ## - SOURCE OF ACQUISITION | |
| Stock number | Allied Pub/Ven |
| 082 ## - DEWEY DECIMAL CLASSIFICATION NUMBER | |
| Classification number | 954.084 |
| 100 ## - MAIN ENTRY--PERSONAL NAME | |
| Personal name | Srinivasan, Vasanthi |
| 245 ## - TITLE STATEMENT | |
| Title | Gandhi's conscience keeper : |
| Remainder of title | C. Rajagopalachari and Indian politics / |
| Statement of responsibility, etc | by Vasanthi Srinivasan |
| 260 ## - PUBLICATION, DISTRIBUTION, ETC. (IMPRINT) | |
| Place of publication, distribution, etc | Ranikhet : |
| Name of publisher, distributor, etc | Permanent Black, in association with the NewIndia Foundation ; |
| Date of publication, distribution, etc | 2009 |
| 270 ## - ADDRESS | |
| Address | 'Himalayana', Mall Road, Ranikhet Cantt. |
| City | Ranikhet |
| Postal code | 263645 |
| 300 ## - PHYSICAL DESCRIPTION | |
| Extent | xvi, 278 p. ; |
| Dimensions | 23cm(Hb) |
| 490 ## - SERIES STATEMENT | |
| Series statement | The Indian century |
| -- | 40752 |
| 500 ## - GENERAL NOTE | |
| General note | Includes bibliographical references index. |
| 600 ## - SUBJECT ADDED ENTRY--PERSONAL NAME | |
| Personal name | Rajagopalachari, C. |
| Fuller form of name | (Chakravarti), |
| Dates associated with a name | 1878-1972 |
| General subdivision | Political and social views. |
| 600 ## - SUBJECT ADDED ENTRY--PERSONAL NAME | |
| Personal name | Gandhi, |
| Titles and other words associated with a name | Mahatma, |
| Dates associated with a name | 1869-1948 |
| General subdivision | Political and social views. |
| 942 ## - ADDED ENTRY ELEMENTS (KOHA) | |
| Source of classification or shelving scheme | Dewey Decimal Classification |
| Item type | English Books |
| Classification part | 954.084 |
| Call number suffix | SRI |
| Withdrawn status | Lost status | Not for loan | Collection code | Home library | Current library | Date acquired | Source of acquisition | Cost, normal purchase price | Full call number | Barcode | Copy number | Cost, replacement price | Koha item type |
|---|---|---|---|---|---|---|---|---|---|---|---|---|---|
| Non-fiction | Central Library | Central Library | 03/02/2012 | Allied Pub/1143/26.09.2011/04/15.09.2011/09.11.2011 | 695.00 | 954.084 SRI | B-445669 | 1 | 695.00 | English Books | |||
| Not For Loan | Non-fiction | D.B.Act.Division | D.B.Act.Division | 03/08/2009 | DBAD / VEN | 695.00 | 954.084 SRI | EN-78168 | 1 | 695.00 | English Books | ||
| Non-fiction | Karol Bagh | Karol Bagh | 03/02/2012 | Allied Pub/1143/26.09.2011/04/15.09.2011/09.11.2011 | 695.00 | 954.084 SRI | B-445672 | 1 | 695.00 | English Books | |||
| Non-fiction | Patel Nagar | Patel Nagar | 03/02/2012 | Allied Pub/1143/26.09.2011/04/15.09.2011/09.11.2011 | 695.00 | 954.084 SRI | B-445670 | 1 | 695.00 | English Books | |||
| Non-fiction | Sarojini Nagar | Sarojini Nagar | 03/02/2012 | Allied Pub/1143/26.09.2011/04/15.09.2011/09.11.2011 | 695.00 | 954.084 SRI | B-445671 | 1 | 695.00 | English Books | |||
| Non-fiction | Shahdara Branch | Shahdara Branch | 03/02/2012 | Allied Pub/1143/26.09.2011/04/15.09.2011/09.11.2011 | 695.00 | 954.084 SRI | B-445673 | 1 | 695.00 | English Books |
